Sectarian politics in the Gulf : (Record no. 18381)
[ view plain ]
| 000 -LEADER | |
|---|---|
| fixed length control field | 01894cam a2200325 i 4500 |
| 001 - CONTROL NUMBER | |
| control field | 17612644 |
| 003 - CONTROL NUMBER IDENTIFIER | |
| control field | EG-ScBUE |
| 005 - DATE AND TIME OF LATEST TRANSACTION | |
| control field | 20240407104351.0 |
| 008 - FIXED-LENGTH DATA ELEMENTS--GENERAL INFORMATION | |
| fixed length control field | 130204t2014 n f b f001 0 eng d |
| 020 ## - INTERNATIONAL STANDARD BOOK NUMBER | |
| International Standard Book Number | 9780231165129 (cloth : alk. paper) |
| 040 ## - CATALOGING SOURCE | |
| Original cataloging agency | DLC |
| Language of cataloging | eng |
| Description conventions | rda |
| Transcribing agency | DLC |
| Modifying agency | DLC |
| -- | EG-ScBUE |
| 043 ## - GEOGRAPHIC AREA CODE | |
| Geographic area code | ar----- |
| -- | a-su--- |
| -- | a-iq--- |
| 082 04 - DEWEY DECIMAL CLASSIFICATION NUMBER | |
| Classification number | 953.054 |
| Edition number | 22 |
| Item number | WEH |
| 100 1# - MAIN ENTRY--PERSONAL NAME | |
| Personal name | Wehrey, Frederic M., |
| Relator term | author. |
| 9 (RLIN) | 36068 |
| 245 10 - TITLE STATEMENT | |
| Title | Sectarian politics in the Gulf : |
| Remainder of title | from the Iraq war to the Arab uprisings / |
| Statement of responsibility, etc | Frederic M. Wehrey. |
| 264 #1 - PUBLICATION, DISTRIBUTION, ETC. (IMPRINT) | |
| Place of publication, distribution, etc | New York, United States : |
| Name of publisher, distributor, etc | Columbia University Press, |
| Date of publication, distribution, etc | [2014] |
| 264 #4 - PUBLICATION, DISTRIBUTION, ETC. (IMPRINT) | |
| Date of publication, distribution, etc | c2014 |
| 300 ## - PHYSICAL DESCRIPTION | |
| Extent | xx, 328 pages ; |
| Dimensions | 23 cm. |
| 336 ## - CONTENT TYPE | |
| Source | rdacontent |
| Content type term | text |
| Content type code | txt |
| 337 ## - MEDIA TYPE | |
| Media type term | unmediated |
| Source | rdamedia |
| Media type code | n |
| 338 ## - CARRIER TYPE | |
| Carrier type term | volume |
| Carrier type code | nc |
| Source | rdacarrier |
| 490 0# - SERIES STATEMENT | |
| Series statement | Columbia studies in Middle East politics |
| 504 ## - BIBLIOGRAPHY, ETC. NOTE | |
| Bibliography, etc | Includes bibliographical references and index.<br/> |
| 505 0# - FORMATTED CONTENTS NOTE | |
| Formatted contents note | The roots of sectarianism. Governance, society, and identity in the gulf -The long shadow of the iranian revolution-Bahrain. Debating participation : the Bahraini Shi'a and regional influences-Sectarian balancing : the Bahraini Sunnis and a polarized parliament -- Into the abyss: the pearl roundabout uprising and its aftermath -- Saudi Arabia. Between loyalty and rejection: the Saudi Shi'a-Under siege : the salafi and regime counter-mobilization-Waving 'Uthman's shirt : Saudi Arabia's sectarian spring-Kuwait. Renegotiating a ruling bargain : the Kuwaiti Shi'a-Tilting toward repression : the Sunni opposition and the Kuwaiti regime-A balancing act goes awry : sectarianism and Kuwait's mass protests. |
| 651 #7 - SUBJECT ADDED ENTRY--GEOGRAPHIC NAME | |
| Geographic name | Persian Gulf States |
| General subdivision | Politics and government |
| Chronological subdivision | 21st century. |
| Source of heading or term | BUEsh |
| 9 (RLIN) | 34761 |
| 651 #7 - SUBJECT ADDED ENTRY--GEOGRAPHIC NAME | |
| Geographic name | Saudi Arabia |
| General subdivision | Politics and government |
| Chronological subdivision | 21st century. |
| 9 (RLIN) | 36070 |
| Source of heading or term | BUEsh |
| 653 ## - INDEX TERM--UNCONTROLLED | |
| Resource For college | BAEPS, Political Science |
| Arrived date list | September2014 |
| 655 ## - INDEX TERM--GENRE/FORM | |
| Form subdivision | Reading book |
| 9 (RLIN) | 34232 |
| 942 ## - ADDED ENTRY ELEMENTS (KOHA) | |
| Source of classification or shelving scheme | Dewey Decimal Classification |
| Koha item type | Book - Borrowing |
| Withdrawn status | Lost status | Source of classification or shelving scheme | Damaged status | Not for loan | Collection code | Home library | Current library | Shelving location | Date acquired | Source of acquisition | Total Checkouts | Full call number | Barcode | Date last seen | Date checked out | Koha item type | Total Renewals | Price effective from |
|---|---|---|---|---|---|---|---|---|---|---|---|---|---|---|---|---|---|---|
| Dewey Decimal Classification | Baccah | Central Library | Central Library | Second Floor | 16/09/2014 | Purchase | 1 | 953.054 WEH | 000036111 | 15/07/2025 | 15/07/2015 | Book - Borrowing | ||||||
| Dewey Decimal Classification | Baccah | Central Library | Central Library | Second Floor | 16/09/2014 | Purchase | 3 | 953.054 WEH | 000036112 | 15/07/2025 | 26/09/2017 | Book - Borrowing | 17 | |||||
| Dewey Decimal Classification | Baccah | Central Library | Central Library | Second Floor | 16/09/2014 | Purchase | 5 | 953.054 WEH | 000036113 | 15/07/2025 | 15/10/2017 | Book - Borrowing | 10 | 16/09/2014 |